[Event "GRE-chT 52nd"]
[Site "Loutraki"]
[Date "2025.06.28"]
[Round "1.40"]
[White "Chionidis, Charalampos"]
[Black "Toumpakaris, Grigorios Emmanouil"]
[Result "0-1"]
[WhiteElo "1616"]
[BlackElo "1922"]
[PlyCount "78"]
[EventDate "2025.06.28"]
[EventType "team-swiss"]
[EventRounds "7"]
[EventCountry "GRE"]
[SourceTitle "CB28_2025"]
[SourceDate "2025.07.09"]
[SourceVersion "1"]
[SourceVersionDate "2025.07.09"]
[SourceQuality "1"]
[WhiteTeam "Neas Filadelfeias"]
[BlackTeam "Kallitheas"]
[WhiteTeamCountry "GRE"]
[BlackTeamCountry "GRE"]

1. e4 e5 2. Nf3 Nc6 3. Nc3 Nf6 4. Bb5 Bb4 5. 0-0 0-0 6. d3 d6 7. Bg5 Be6 8. Nd5 Bxd5 9. exd5 Ne7 10. Bxf6 gxf6 11. Nh4 Kh8 12. Qg4 Bc5 13. d4 Bxd4 14. Bd3 Rg8 15. Qh5 Rg7 16. g3 Qd7 17. Nf5 Nxf5 18. Bxf5 Qe7 19. Rae1 Qf8 20. Re4 Qg8 21. Rh4 Re8 22. Kg2 e4 23. c3 Bb6 24. Bxe4 Re5 25. Qf3 Qd8 26. Rh6 Qe7 27. Re1 f5 28. Bxf5 Rxe1 29. Qh5 f6 30. Be6 Rxe6 31. dxe6 Qxe6 32. Qh4 Rf7 33. Rh5 c6 34. Qf4 Bc7 35. Rh4 Qxa2 36. Qe3 Qd5+ 37. Kg1 Rf8 38. Qe7 Qf7 39. Rxh7+ Kxh7 0-1

[Event "GRE-ch U10"]
[Site "Peristeri"]
[Date "2024.06.26"]
[Round "7"]
[White "Kalligeris, Ioannis"]
[Black "Toumpakaris, Grigorios Emmanouil"]
[Result "0-1"]
[WhiteElo "1590"]
[BlackElo "1752"]
[PlyCount "88"]
[EventDate "2024.06.22"]
[EventType "swiss"]
[EventRounds "9"]
[EventCountry "GRE"]
[SourceTitle "EXT 2025"]
[Source "ChessBase"]
[SourceDate "2024.10.14"]
[SourceVersion "1"]
[SourceVersionDate "2024.10.14"]
[SourceQuality "1"]

1. e4 e5 2. Nf3 Nc6 3. Bb5 Nd4 4. Nxd4 exd4 5. 0-0 Bc5 6. Bc4 d6 7. Re1 Ne7 8. d3 0-0 9. Bg5 h6 10. Bh4 Qd7 11. Nd2 Kh8 12. Qh5 Ng6 13. Nb3 Bb6 14. Bf6 Kh7 15. Bxd4 Nf4 16. Qd1 c5 17. Bc3 f5 18. Qf3 Ng6 19. Qh3 fxe4 20. Qxd7 Bxd7 21. dxe4 Bc6 22. Rad1 Bc7 23. f3 b5 24. Be6 Nf4 25. Bd5 Bxd5 26. exd5 Rae8 27. Kf2 Bb6 28. Kf1 Rxe1+ 29. Bxe1 Rf5 30. g4 Rxd5 31. Rxd5 Nxd5 32. Ke2 c4 33. Nd2 Nf4+ 34. Kd1 Nd5 35. Ne4 Ne3+ 36. Kd2 d5 37. Nd6 a6 38. c3 d4 39. cxd4 Nd5 40. Bf2 Nb4 41. Nc8 Ba5 42. Ke3 Nd3 43. b3 Nxf2 44. Kxf2 c3 0-1

[Event "Athens PAO CC-ch 16th"]
[Site "Athens"]
[Date "2024.02.16"]
[Round "5"]
[White "Toumpakaris, Grigorios Emmanouil"]
[Black "Vazelakis, Dimitrios"]
[Result "1/2-1/2"]
[WhiteElo "1175"]
[BlackElo "1655"]
[PlyCount "81"]
[EventDate "2024.01.19"]
[EventType "swiss"]
[EventRounds "7"]
[EventCountry "GRE"]
[SourceTitle "CBM 219 Extra"]
[Source "ChessBase"]
[SourceDate "2024.05.31"]
[SourceVersion "1"]
[SourceVersionDate "2024.05.31"]
[SourceQuality "1"]

1. e4 e6 2. d4 d5 3. e5 c5 4. c3 Qb6 5. Nf3 Bd7 6. Be2 Bb5 7. Na3 Bxe2 8. Qxe2 cxd4 9. Qb5+ Qxb5 10. Nxb5 Kd7 11. cxd4 a6 12. Nc3 Bb4 13. Bd2 Nc6 14. Na4 Bxd2+ 15. Kxd2 Kc7 16. Nc5 b6 17. Nb3 Nge7 18. a4 a5 19. Nc1 Nf5 20. Ne2 Kd7 21. g4 Nfe7 22. Nc3 f6 23. Nb5 fxe5 24. Nxe5+ Nxe5 25. dxe5 Rhf8 26. Rhf1 Ng6 27. Rae1 Rf4 28. f3 Rxa4 29. Rc1 Rb4 30. Rc7+ Ke8 31. Nd6+ Kf8 32. f4 Nxf4 33. Rf7+ Kg8 34. R1xf4 Rxb2+ 35. Kc3 Rxh2 36. Rc7 Rh6 37. Rb7 a4 38. Rxa4 Rf8 39. Rxb6 Rh3+ 40. Kd4 h5 41. Kc5 1/2-1/2

[Event "GRE-ch U08"]
[Site "Peristeri"]
[Date "2023.07.08"]
[Round "8"]
[White "Bartzos, Iasonas"]
[Black "Toumpakaris, Grigorios Emmanouil"]
[Result "1/2-1/2"]
[WhiteElo "1171"]
[BlackElo "1092"]
[PlyCount "118"]
[EventDate "2023.07.03"]
[EventType "swiss"]
[EventRounds "9"]
[EventCountry "GRE"]
[SourceTitle "EXT 2024"]
[Source "ChessBase"]
[SourceDate "2023.10.10"]
[SourceVersion "1"]
[SourceVersionDate "2023.10.10"]
[SourceQuality "1"]

1. e4 e5 2. Nf3 Nc6 3. d4 exd4 4. Bc4 Nf6 5. e5 d5 6. Bb5 Ne4 7. Nxd4 Bd7 8. Bxc6 bxc6 9. 0-0 Bc5 10. Be3 Bb6 11. f3 Nc5 12. Nd2 Ne6 13. N2b3 0-0 14. Qd2 f6 15. Nxe6 Bxe6 16. Bxb6 cxb6 17. Nd4 Bd7 18. e6 Bc8 19. Nxc6 Qd6 20. e7 Re8 21. Nb4 Qc5+ 22. Kh1 Bb7 23. Rad1 Rxe7 24. Nxd5 Bxd5 25. Qxd5+ Qxd5 26. Rxd5 Rae8 27. Kg1 Re2 28. Rc1 Rc8 29. Rb1 Rcxc2 30. Rd8+ Kf7 31. Rd7+ Kg6 32. Rxa7 Rxg2+ 33. Kf1 Rxh2 34. Kg1 Rhg2+ 35. Kf1 Rxb2 36. Rxb2 Rxb2 37. Rb7 Rxa2 38. Rxb6 Kg5 39. Rb7 Kg6 40. Rc7 h5 41. Kg1 Kh6 42. Rc4 Kg5 43. Rc7 g6 44. Rc4 f5 45. Rd4 h4 46. Kh1 h3 47. Rd3 Kf4 48. Kg1 h2+ 49. Kh1 Kg3 50. f4+ Kxf4 51. Rb3 g5 52. Rf3+ Ke4 53. Re3+ Kd4 54. Rd3+ Kc4 55. Rc3+ Kb4 56. Rb3+ Ka4 57. Rb4+ Ka3 58. Rb3+ Ka4 59. Rb4+ Kxb4 1/2-1/2